000 00586nam a2200217Ia 4500
005 20260704175957.0
008 260704s9999||||xx |||||||||||||| ||und||
020 _a9781846146060
_qpbk
082 _a153.42
_bKAH
100 _aKahneman, Daniel
245 0 _aThinking, fast and slow
260 _aLondon
_bAllen Lane an imprint of Penguin Books
_c2011
300 _a499p. ; 24cm.
653 _aCognitive psychology
653 _aCognitive psychology
653 _aDecision making
653 _aJudgment
653 _aReasoning
653 _aThought and thinking
942 _cBK
999 _c57351
_d57351